| 000 | 00830cab a22001935a 4500 | ||
|---|---|---|---|
| 001 | L154703 | ||
| 008 | 120116e20120106xxk 000 0 eng d | ||
| 035 | _a(Sirsi) u154703 | ||
| 041 | 0 | _aeng | |
| 100 | 1 | _aPhillips, Mike | |
| 245 | 0 | 0 | _aNew year brings comprehensive no-confidence vote in UK property |
| 260 | _c2012 | ||
| 490 | 0 |
_aProperty Week _v78(01) 6 January 2012, 18-19(2) |
|
| 520 | _aThe latest Lloyd's Bank Corporate Markets commercial property confidence monitor shows that confidence has waned across the board. People are less willing to invest than three months previously and even London prospects have dampened. Businesses large and small are affected by the Eurozone debt crisis and by austerity cuts. | ||
| 590 | _aKA | ||
| 651 | 4 |
_aUnited Kingdom _y |
|
| 690 |
_aCommercial property _96227 |
||
| 942 | _n0 | ||
| 999 |
_c83709 _d83709 |
||